ARRUPE JESUIT UNIVERSITY

CORONAVIRUS -STOP THE SPREAD - CLEAN,DISINFECT,COVER
Normal view MARC view

Entry Personal Name

Number of records used in: 1

001 - CONTROL NUMBER

  • control field: 51410

003 - CONTROL NUMBER IDENTIFIER

  • control field: ARRUPE

005 - DATE AND TIME OF LATEST TRANSACTION

  • control field: 20220505083059.0

008 - FIXED-LENGTH DATA ELEMENTS

  • fixed length control field: 220505|| aca||aabn | a|a d

040 ## - CATALOGING SOURCE

  • Original cataloging agency: ARRUPE
  • Transcribing agency: ARRUPE

100 ## - HEADING--PERSONAL NAME

  • Personal name: Grant, Robert M.
  • Fuller form of name: (Robert McQueen),
  • Dates associated with a name: 1917-2014

670 ## - SOURCE DATA FOUND

  • Source citation: Work cat.: (ARRUPE)131343: Grant, Robert M. (Robert McQueen), 1917-2014., A short history of the interpretation of the Bible /, c1984.

 

Arrupe Library. PO Box MP320 Mt Pleasant, Harare, Zimbabwe
263 242 745411|librarian@aju.ac.zw